=LDR 00000nam 2200000 4500 =001 INLIS000000000016565 =005 20201221095545 =035 ##$$a 0010-061300000016565 =008 201221################g##########0#ind## =041 ##$$a Ind =082 ##$$a 320.540 4 =090 ##$$a 320.540 4, Sin d =100 1#$$a Sinambela, Makasi =245 1#$$a Dilema otonomi daerah dan masa depan nasionalisme Indonesia. /$c Drs. Mahadi Sinambela, M.Si =260 ##$$a Yogyakarta :$b Balairung,$c 2003 =300 ##$$a 158 hlm, ; $c 15 x 25 cm =650 #4$$a Nasionalisme-Indonesia =850 ##$$a NBPNMAT =084 ##$$a 320.540 4 SIN d =250 ##$$a cet.1 =990 ##$$a 1038587 =990 ##$$a 1038587